000 00942cam a2200205 4500
001 WS108276
008 000000n 000 0 eng u
035 _a(Sirsi) u108276
110 _aCompanies House
_93268
245 _aCompanies House
520 _aWeb site for this organisation whose business is the registration and provision of company information. Includes an index of disqualified directors and a companies names and address index. Also gives access to Companies House forms and guidance on their use. Also hosts a subscription service giving access to more detailed information.
650 0 _aDISQUALIFIED DIRECTORS
650 _aCOMPANIES
650 _aFORMS
650 0 _aCOMPANY REGISTRATION
650 _aManagement consultancy
_96255
690 _aMANAGEMENT-BUSINESS MANAGEMENT
856 4 0 _uhttps://www.gov.uk/government/organisations/companies-house
_zView the website free of charge at www.gov.uk...
942 _n0
999 _c119662
_d119662